<?xml version="1.0" encoding="UTF-8"?>
<record
    xmlns:xsi="http://www.w3.org/2001/XMLSchema-instance"
    xsi:schemaLocation="http://www.loc.gov/MARC21/slim http://www.loc.gov/standards/marcxml/schema/MARC21slim.xsd"
    xmlns="http://www.loc.gov/MARC21/slim">

  <leader>00810nam a2200217 a 4500</leader>
  <controlfield tag="001">82098</controlfield>
  <controlfield tag="003">BD-RjUL</controlfield>
  <controlfield tag="005">20231012121545.0</controlfield>
  <controlfield tag="008">160725s1983    ir            000 0 per d</controlfield>
  <datafield tag="035" ind1=" " ind2=" ">
    <subfield code="a">(BD-RjUL)82098</subfield>
  </datafield>
  <datafield tag="040" ind1=" " ind2=" ">
    <subfield code="a">HAI</subfield>
    <subfield code="b">eng</subfield>
    <subfield code="c">BD-RjUL</subfield>
  </datafield>
  <datafield tag="041" ind1="0" ind2=" ">
    <subfield code="a">per</subfield>
  </datafield>
  <datafield tag="082" ind1=" " ind2=" ">
    <subfield code="2">23 </subfield>
    <subfield code="a">297.4</subfield>
    <subfield code="b">RUF 1983</subfield>
  </datafield>
  <datafield tag="100" ind1="1" ind2=" ">
    <subfield code="a"> &#x631;&#x648;&#x645;&#x64A;&#x60C; &#x62C;&#x644;&#x627;&#x644; &#x627;&#x644;&#x62F;&#x64A;&#x646; ;;  Rumi, Jalaluddin</subfield>
    <subfield code="d">1207-1273</subfield>
    <subfield code="9">9499</subfield>
  </datafield>
  <datafield tag="245" ind1="1" ind2="0">
    <subfield code="a"> &#x641;&#x64A;&#x647; &#x645;&#x627; &#x641;&#x64A;&#x647; : &#x64A;&#x639;&#x646;&#x64A; &#x645;&#x62D;&#x641;&#x648;&#x638;&#x627;&#x62A; &#x62C;&#x644;&#x627;&#x644; &#x627;&#x644;&#x62F;&#x64A;&#x646; &#x631;&#x648;&#x645;&#x64A;  ;;  fih ma fih : yaeni mahfuzat jalal aldiyn rumi  /</subfield>
    <subfield code="c">&#x639;&#x628;&#x62F; &#x627;&#x644;&#x645;&#x627;&#x62C;&#x62F; ;; Abdul Majid</subfield>
  </datafield>
  <datafield tag="260" ind1=" " ind2=" ">
    <subfield code="a">&#x62A;&#x647;&#x631;&#x627;&#x646; :</subfield>
    <subfield code="b">Dar matbaa Maref azam&#x60C;</subfield>
    <subfield code="c">&#x661;&#x663;&#x666;&#x662;&#x647;&#x60C; [&#x661;&#x669;&#x668;&#x663;&#x645;]</subfield>
  </datafield>
  <datafield tag="300" ind1=" " ind2=" ">
    <subfield code="a">&#x64A;&#x62C;&#x60C; 242 &#x635;. &#x61B;</subfield>
    <subfield code="c">&#x662;&#x665; &#x633;.</subfield>
  </datafield>
  <datafield tag="650" ind1=" " ind2="4">
    <subfield code="a">Sufism</subfield>
    <subfield code="v">Early works to 1800</subfield>
    <subfield code="9">176</subfield>
  </datafield>
  <datafield tag="650" ind1=" " ind2="4">
    <subfield code="a">Mevleviyeh</subfield>
    <subfield code="9">177</subfield>
  </datafield>
  <datafield tag="942" ind1=" " ind2=" ">
    <subfield code="2">ddc</subfield>
    <subfield code="c">BK</subfield>
  </datafield>
  <datafield tag="999" ind1=" " ind2=" ">
    <subfield code="c">82098</subfield>
    <subfield code="d">82098</subfield>
  </datafield>
  <datafield tag="952" ind1=" " ind2=" ">
    <subfield code="0">0</subfield>
    <subfield code="1">0</subfield>
    <subfield code="2">ddc</subfield>
    <subfield code="4">0</subfield>
    <subfield code="7">1</subfield>
    <subfield code="8">NFIC</subfield>
    <subfield code="a">RUCL</subfield>
    <subfield code="b">RUCL</subfield>
    <subfield code="c">Reading</subfield>
    <subfield code="d">2023-10-12</subfield>
    <subfield code="e">Golam Maqsud Hilali, Chittagong</subfield>
    <subfield code="l">0</subfield>
    <subfield code="o">F 297.4 RUF 1983</subfield>
    <subfield code="r">2023-10-12 00:00:00</subfield>
    <subfield code="t">C-1</subfield>
    <subfield code="w">2023-10-12</subfield>
    <subfield code="y">BK</subfield>
  </datafield>
</record>
